[Event "BW 2018 Open"]
[Site "Bad Woerishofen"]
[Date "2018.02.28"]
[Round "6.15"]
[White "Flemming, Achim"]
[Black "Fischer, Daniel"]
[Result "0-1"]
[WhiteElo "1967"]
[BlackElo "2164"]
[Annotator "chessorg"]
[PlyCount "118"]
[EventDate "2018.??.??"]
[WhiteTeam "SC Starnberg"]
[BlackTeam "SC Dreilaendereck"]

1. e4 e5 2. Nc3 Nf6 3. f4 d5 4. exd5 exf4 5. Bc4 c6 6. d4 Nxd5 7. Nxd5 cxd5 8.
Bb5+ Nc6 9. Bxc6+ bxc6 10. Bxf4 Be7 11. Nf3 Ba6 12. c3 O-O 13. Kf2 Re8 14. Re1
Qd7 15. Qd2 Bf8 16. h3 Qf5 17. g4 Qd7 18. Ne5 Qb7 19. b4 Bd6 20. Nd3 Bxd3 21.
Bxd6 Be4 22. Qg5 Re6 23. Bg3 Rf6+ 24. Kg1 Rf3 25. Kh2 Rxc3 26. Be5 Rc2+ 27. Kg3
Rg2+ 28. Kh4 f6 29. Bxf6 h6 30. Qf4 gxf6 31. Qxf6 Rf8 32. Qxh6 Rf7 33. Rf1 Qe7+
34. Qg5+ Qxg5+ 35. Kxg5 Rg7+ 36. Kf6 Rg3 37. Ke5 Rxh3 38. Rf6 Rc3 39. Raf1 Rc4
40. Rf8+ Kh7 41. R1f6 Rxg4 42. Rc8 Rg5+ 43. Kf4 Rg2 44. Rc7+ Kg8 45. Rd6 Rf2+
46. Ke5 Rxb4 47. Rxa7 Rf5+ 48. Ke6 Rxd4 49. Rxc6 Rd1 50. Rcc7 Rf8 51. Rg7+ Kh8
52. Rg5 Rh1 53. Ke5 Rg8 54. Rxg8+ Kxg8 55. Kd4 Kf8 56. Kc3 Ke8 57. a4 Kd8 58.
Rg7 Kc8 59. a5 Kb8 0-1

[Event "BW 2018 Open"]
[Site "Bad Woerishofen"]
[Date "2018.02.28"]
[Round "6.17"]
[White "Lochte, Thomas"]
[Black "Stiefel, Roland"]
[Result "1/2-1/2"]
[WhiteElo "2160"]
[BlackElo "2009"]
[Annotator "chessorg"]
[PlyCount "39"]
[EventDate "2018.??.??"]
[WhiteTeam "SK Weilheim"]
[BlackTeam "ZSG Gruen-Weiß Waltershausen"]

1. e4 c5 2. d4 cxd4 3. c3 d5 4. exd5 Nf6 5. Bb5+ Bd7 6. Bc4 b5 7. Bb3 dxc3 8.
Nxc3 g6 9. Nf3 Bg7 10. O-O O-O 11. Re1 a5 12. a4 bxa4 13. Nxa4 Na6 14. Be3 Bxa4
15. Rxa4 Nb4 16. Bc5 Nfxd5 17. Bxb4 Nxb4 18. Qxd8 Raxd8 19. Rxa5 e6 20. Ra7
1/2-1/2

[Event "BW 2018 Open"]
[Site "Bad Woerishofen"]
[Date "2018.02.28"]
[Round "6.20"]
[White "Hipp, Hermann"]
[Black "Behling, Robert"]
[Result "1/2-1/2"]
[WhiteElo "1996"]
[BlackElo "2097"]
[Annotator "chessorg"]
[PlyCount "46"]
[EventDate "2018.??.??"]
[WhiteTeam "SK Marktoberdorf"]
[BlackTeam "TSV Haunstetten"]

1. d4 Nf6 2. c4 g6 3. Nc3 Bg7 4. Nf3 O-O 5. g3 d6 6. Bg2 Nc6 7. O-O a6 8. a3 e5
9. dxe5 dxe5 10. Nd5 Ne7 11. Nxf6+ Bxf6 12. Bh6 Re8 13. Qb3 Nf5 14. Rad1 Qe7
15. Be3 Be6 16. Nd2 Nxe3 17. Qxe3 Rab8 18. c5 Bd7 19. Ne4 Bc6 20. Nxf6+ Qxf6
21. Bxc6 Qxc6 22. Rd2 Kg7 23. h4 h5 1/2-1/2

[Event "BW 2018 Open"]
[Site "Bad Woerishofen"]
[Date "2018.02.28"]
[Round "6.22"]
[White "Matzat, Andre"]
[Black "Rahls, Peter"]
[Result "0-1"]
[WhiteElo "2053"]
[BlackElo "2174"]
[Annotator "chessorg"]
[PlyCount "76"]
[EventDate "2018.??.??"]
[WhiteTeam "Oberhausener SV 1887 e.V."]
[BlackTeam "SK Zehlendorf e.V."]

1. d4 c5 2. d5 d6 3. e4 g6 4. Nc3 Bg7 5. Bb5+ Nd7 6. a4 Ngf6 7. Nf3 O-O 8. O-O
h6 9. Re1 Kh7 10. Bf1 Rb8 11. Nd2 Nh5 12. Nc4 a6 13. Be2 Nhf6 14. f4 b5 15.
axb5 Rxb5 16. e5 Ne8 17. Nxb5 axb5 18. Na5 dxe5 19. Nc6 Qb6 20. Nxe7 Nd6 21.
Nxc8 Rxc8 22. c3 c4+ 23. Kh1 Ne4 24. Rf1 Nf2+ 25. Rxf2 Qxf2 26. Bf3 e4 27. Qe2
Qxe2 28. Bxe2 Rc5 29. Be3 Rxd5 30. Ra7 Bf8 31. g3 Kg8 32. Rb7 h5 33. Kg2 Nf6
34. Bd4 Ne8 35. h3 Ng7 36. g4 Ne6 37. Be3 Bc5 38. Bxc5 Nxf4+ 0-1

[Event "BW 2018 Open"]
[Site "Bad Woerishofen"]
[Date "2018.02.28"]
[Round "6.23"]
[White "Schweizer, Manfred"]
[Black "Tochtrop, Matthias"]
[Result "1/2-1/2"]
[WhiteElo "2048"]
[BlackElo "2173"]
[Annotator "chessorg"]
[PlyCount "42"]
[EventDate "2018.??.??"]
[WhiteTeam "Post-SV Memmingen e.V."]

1. g3 g6 2. e4 Bg7 3. d4 d5 4. e5 Nh6 5. Bg2 O-O 6. Ne2 c5 7. c3 Nc6 8. O-O
cxd4 9. cxd4 Bg4 10. Nbc3 Bxe2 11. Nxe2 e6 12. Bd2 Nf5 13. Bc3 b5 14. Bh3 b4
15. Be1 Qb6 16. Bxf5 gxf5 17. Qd3 f6 18. exf6 Bxf6 19. Rd1 Rf7 20. Kh1 Rc8 21.
f3 Bg7 1/2-1/2

[Event "BW 2018 Open"]
[Site "Bad Woerishofen"]
[Date "2018.02.28"]
[Round "6.24"]
[White "Kretschel, Klaus"]
[Black "Wenner, Tobias"]
[Result "0-1"]
[WhiteElo "2043"]
[BlackElo "2146"]
[Annotator "chessorg"]
[PlyCount "64"]
[EventDate "2018.??.??"]
[WhiteTeam "SAbt TuS Fuerstenfeldbruck"]
[BlackTeam "SK 1962 Ladenburg"]

1. d4 Nf6 2. Bf4 d6 3. e3 g6 4. Nf3 Bg7 5. Be2 O-O 6. h3 c5 7. c4 b6 8. O-O Bb7
9. Nc3 Ne4 10. Nxe4 Bxe4 11. Qd2 Nd7 12. Rac1 e5 13. Bg3 Qe7 14. d5 Bxf3 15.
Bxf3 e4 16. Be2 Be5 17. Bxe5 Nxe5 18. f4 exf3 19. gxf3 f5 20. f4 Nd7 21. Bf3
Rae8 22. Rce1 Qh4 23. Kg2 Nf6 24. Qf2 Qh6 25. Rc1 Re7 26. Rc3 Rfe8 27. Kh2 Ne4
28. Bxe4 Rxe4 29. Qg3 Qg7 30. Rfc1 Rxe3 31. Qg5 Re2+ 32. Kg3 Qd4 0-1

[Event "BW 2018 Open"]
[Site "Bad Woerishofen"]
[Date "2018.02.28"]
[Round "6.28"]
[White "Baeuml, Ulrich"]
[Black "Neumueller, Theo"]
[Result "1-0"]
[WhiteElo "2080"]
[BlackElo "2026"]
[Annotator "chessorg"]
[PlyCount "41"]
[EventDate "2018.??.??"]
[WhiteTeam "SC Dillingen"]
[BlackTeam "SK Germering e. V."]

1. Nf3 Nf6 2. g3 g6 3. Bg2 Bg7 4. c4 O-O 5. Nc3 d5 6. cxd5 Nxd5 7. O-O c6 8. d4
Qb6 9. e4 Nxc3 10. bxc3 c5 11. Be3 Qa5 12. Qb3 Nd7 13. e5 Nb6 14. dxc5 Nd7 15.
e6 Nxc5 16. exf7+ Kh8 17. Qd5 b6 18. Qxa8 Bb7 19. Qxf8+ Bxf8 20. Bd4+ Bg7 21.
f8=Q# 1-0

[Event "BW 2018 Open"]
[Site "Bad Woerishofen"]
[Date "2018.02.28"]
[Round "6.35"]
[White "Burchert, Wolfgang"]
[Black "Boldt, Heinrich"]
[Result "1-0"]
[WhiteElo "2053"]
[BlackElo "1853"]
[Annotator "chessorg"]
[PlyCount "55"]
[EventDate "2018.??.??"]
[WhiteTeam "SC Hansa Dortmund"]
[BlackTeam "TSV Kareth-Lappersdorf"]

1. e4 d6 2. d4 Nf6 3. Nc3 Nbd7 4. f4 e5 5. Nf3 exd4 6. Qxd4 c6 7. Be3 d5 8.
exd5 Bc5 9. Qd3 Qe7 10. Nd4 Ng4 11. Nf5 Nde5 12. Nxe7 Nxd3+ 13. Bxd3 Nxe3 14.
Nxc8 Rxc8 15. dxc6 bxc6 16. Ne4 Be7 17. g3 O-O 18. Ke2 Nd5 19. Rad1 Rfe8 20. f5
Nf6 21. Kf3 Nxe4 22. Bxe4 Bf6 23. b3 Re7 24. Bxc6 Rec7 25. Be4 Rc3+ 26. Kg2 g6
27. Rd7 Re3 28. Bd3 1-0

[Event "BW 2018 Open"]
[Site "Bad Woerishofen"]
[Date "2018.02.28"]
[Round "6.36"]
[White "Diotallevi, Maurizio"]
[Black "Liebelt, Jannik"]
[Result "1/2-1/2"]
[WhiteElo "2003"]
[BlackElo "2049"]
[Annotator "chessorg"]
[PlyCount "52"]
[EventDate "2018.??.??"]
[BlackTeam "SC Porta Westfalica Holtrup 1950"]

1. d4 d5 2. Nf3 Nf6 3. e3 c5 4. c3 e6 5. Nbd2 Nc6 6. Bd3 Qc7 7. O-O Bd6 8. dxc5
Bxc5 9. e4 Bd7 10. exd5 Nxd5 11. Ne4 Be7 12. Re1 h6 13. a3 Nf4 14. Bf1 f5 15.
Ng3 O-O-O 16. Qc2 g5 17. Ne2 Nxe2+ 18. Qxe2 Bd6 19. g3 e5 20. Nd2 e4 21. Nc4
Ne5 22. Nxe5 Bxe5 23. Qc4 Bc6 24. Qe6+ Bd7 25. Qc4 Bc6 26. Qe6+ Bd7 1/2-1/2

[Event "BW 2018 Open"]
[Site "Bad Woerishofen"]
[Date "2018.02.28"]
[Round "6.41"]
[White "Woeltge, Carsten"]
[Black "Antoniacci, Riccardo"]
[Result "1-0"]
[WhiteElo "1976"]
[BlackElo "1874"]
[Annotator "chessorg"]
[PlyCount "69"]
[EventDate "2018.??.??"]
[WhiteTeam "SC Bonn Beuel"]

1. d4 Nf6 2. Nf3 e6 3. c4 Bb4+ 4. Bd2 Qe7 5. Nc3 O-O 6. e3 d6 7. a3 Bxc3 8.
Bxc3 Nbd7 9. Qc2 e5 10. dxe5 dxe5 11. Be2 b6 12. b4 Re8 13. O-O Bb7 14. Rfd1
Ne4 15. Bb2 Rad8 16. Ne1 Qh4 17. Bf3 f5 18. c5 Ndf6 19. Bxe4 Bxe4 20. Qc4+ Kh8
21. f3 Qg5 22. Qe2 Rxd1 23. Rxd1 Bb7 24. cxb6 axb6 25. Nc2 h5 26. Qf2 h4 27. h3
Nd5 28. Rd2 Kh7 29. Bxe5 Nxe3 30. Nxe3 Qe7 31. f4 g5 32. Nxf5 Qf7 33. Ne3 Qf8
34. Rd7+ Kh6 35. fxg5+ 1-0

[Event "BW 2018 Open"]
[Site "Bad Woerishofen"]
[Date "2018.02.28"]
[Round "6.42"]
[White "Schmitzer, Peter"]
[Black "Auschkalnis, Reinhard"]
[Result "1-0"]
[WhiteElo "1971"]
[BlackElo "1755"]
[Annotator "chessorg"]
[PlyCount "63"]
[EventDate "2018.??.??"]
[WhiteTeam "SC RTA Muenchen"]
[BlackTeam "SC Bonn Beuel"]

1. d4 Nf6 2. Bf4 g6 3. c4 Bg7 4. Nc3 O-O 5. e4 d6 6. Be2 c5 7. d5 Na6 8. Nf3
Nh5 9. Be3 f5 10. exf5 gxf5 11. Ng5 Nf6 12. O-O Nc7 13. h3 h6 14. Nf3 a6 15. a4
b6 16. Qd2 Kh7 17. Nh4 Ne4 18. Nxe4 fxe4 19. Bh5 e5 20. Bg6+ Kg8 21. g3 Bxh3
22. Bxh6 Qf6 23. Bxg7 Kxg7 24. Rfe1 Rh8 25. Rxe4 Rh6 26. Ra3 Rah8 27. Rf3 Qd8
28. Rf7+ Kg8 29. Qe3 Ne8 30. Qf3 Ng7 31. Rxg7+ Kxg7 32. Qf7# 1-0

[Event "BW 2018 Open"]
[Site "Bad Woerishofen"]
[Date "2018.02.28"]
[Round "6.47"]
[White "Koch, Harald"]
[Black "Kornitzky, Tino"]
[Result "0-1"]
[WhiteElo "1918"]
[BlackElo "1968"]
[Annotator "chessorg"]
[PlyCount "52"]
[EventDate "2018.??.??"]
[WhiteTeam "SK Kissing"]
[BlackTeam "FC Bayern Muenchen"]

1. c4 e6 2. Nf3 d5 3. g3 Nf6 4. Bg2 d4 5. O-O c5 6. d3 Nc6 7. Na3 Bd6 8. Nc2 e5
9. a3 a5 10. Bd2 a4 11. Rb1 O-O 12. b4 axb3 13. Rxb3 h6 14. Qc1 Re8 15. Nh4 Qc7
16. Re1 Ng4 17. Be4 Nf6 18. Bg2 e4 19. dxe4 Nxe4 20. e3 Nxd2 21. Qxd2 Na5 22.
exd4 Rxe1+ 23. Qxe1 Nxb3 24. Qe8+ Bf8 25. Ng6 Qd6 26. Be4 Bf5 0-1

[Event "Schachfestival 2018"]
[Site "Bad Woerishofen"]
[Date "2018.03.01"]
[Round "7.1"]
[White "Pavlovic, Milos"]
[Black "Burmakin, Vladimir"]
[Result "1/2-1/2"]
[WhiteElo "2466"]
[BlackElo "2528"]
[Annotator "chessorg"]
[PlyCount "23"]
[EventDate "2018.??.??"]
[BlackTeam "SF 90 Spraitbach e.V."]

1. e4 c6 2. d4 d5 3. Nd2 dxe4 4. Nxe4 Bf5 5. Ng3 Bg6 6. Nf3 Nd7 7. h4 h6 8. h5
Bh7 9. Bd3 Bxd3 10. Qxd3 Ngf6 11. Bd2 Qc7 12. O-O-O 1/2-1/2

[Event "BW 2018 Senioren"]
[Site "Bad Woerishofen"]
[Date "2018.03.01"]
[Round "7.1"]
[White "Rueberg, Jobst"]
[Black "Baum, Bernd"]
[Result "1/2-1/2"]
[WhiteElo "2100"]
[BlackElo "2288"]
[Annotator "chessorg"]
[PlyCount "96"]
[EventDate "2018.??.??"]
[WhiteTeam "SV Ahlen 1954 e.V."]
[BlackTeam "SC Fulda"]

1. e4 c5 2. Nf3 Nc6 3. Bb5 d6 4. O-O Bd7 5. Re1 Nf6 6. c3 a6 7. Bf1 Bg4 8. h3
Bxf3 9. Qxf3 g6 10. d3 Bg7 11. Bg5 O-O 12. Nd2 h6 13. Bh4 b5 14. Qd1 g5 15. Bg3
e5 16. Be2 Ne8 17. Bg4 Nc7 18. Nf1 b4 19. Ne3 Rb8 20. Nf5 Ne6 21. h4 Ne7 22.
Nxg7 Nxg7 23. hxg5 hxg5 24. d4 Qc7 25. Qd2 f6 26. Be2 Kh7 27. Rad1 Rfd8 28. Qe3
cxd4 29. cxd4 Ne6 30. dxe5 dxe5 31. Bg4 Nf8 32. Rxd8 Rxd8 33. Rc1 Qd6 34. Rd1
Qc7 35. Rxd8 Qxd8 36. Qb3 Kg7 37. Qxb4 Nfg6 38. Qc3 Qb6 39. Be2 Nc6 40. Qb3
Qxb3 41. axb3 a5 42. f3 Nge7 43. Bf2 Nd4 44. Bc4 Nec6 45. Kf1 Kf8 46. Ke1 Ke7
47. Kd1 Kd6 48. Be1 Kc5 1/2-1/2

[Event "Schachfestival 2018"]
[Site "Bad Woerishofen"]
[Date "2018.03.01"]
[Round "7.2"]
[White "Anistratov, Dmitriy"]
[Black "Vorobiov, Evgeny"]
[Result "0-1"]
[WhiteElo "2275"]
[BlackElo "2548"]
[Annotator "chessorg"]
[PlyCount "58"]
[EventDate "2018.??.??"]
[WhiteTeam "SV Jedesheim"]
[BlackTeam "SF 90 Spraitbach e.V."]

1. c4 g6 2. Nc3 c5 3. g3 Bg7 4. Bg2 Nc6 5. Nf3 Nh6 6. O-O Nf5 7. d3 O-O 8. e4
Nfd4 9. Nxd4 Nxd4 10. Ne2 Rb8 11. a4 a6 12. Be3 Nxe2+ 13. Qxe2 d6 14. Rfd1 b5
15. cxb5 axb5 16. axb5 Qb6 17. Qd2 Qxb5 18. Rab1 Bg4 19. Rdc1 Qb4 20. Rc2 Be6
21. Qe2 Qa4 22. f4 Rb4 23. e5 Rfb8 24. Rd2 Qa2 25. Rbd1 Rxb2 26. h3 dxe5 27.
Bxc5 exf4 28. d4 Bc4 29. Qf3 Rxd2 0-1

[Event "BW 2018 Senioren"]
[Site "Bad Woerishofen"]
[Date "2018.03.01"]
[Round "7.2"]
[White "Villing, Dieter"]
[Black "Kierzek, Matthias"]
[Result "0-1"]
[WhiteElo "2094"]
[BlackElo "2259"]
[Annotator "chessorg"]
[PlyCount "114"]
[EventDate "2018.??.??"]
[WhiteTeam "SK 1912 Ludwigshafen"]
[BlackTeam "SC Fulda"]

1. e4 c6 2. d4 d5 3. e5 Bf5 4. Nc3 e6 5. g4 Bg6 6. Nge2 c5 7. h4 h5 8. Nf4 Bh7
9. Nxh5 Nc6 10. dxc5 Bxc5 11. Bg2 Kf8 12. Bg5 Be7 13. Bxe7+ Qxe7 14. f4 Bg6 15.
Qd2 Bxh5 16. gxh5 Rxh5 17. O-O-O Nh6 18. Bf3 Rxh4 19. Rxh4 Qxh4 20. Rh1 Qg3 21.
Bg2 Rd8 22. Rh3 Qg4 23. Qf2 Nf5 24. Rh8+ Ke7 25. Rxd8 Kxd8 26. Ne2 Kc7 27. a3
Kb8 28. Kb1 Ncd4 29. Nxd4 Qd1+ 30. Ka2 Nxd4 31. f5 Ne2 32. Bf3 Nc1+ 33. Kb1
Nd3+ 34. Bxd1 Nxf2 35. Bh5 exf5 36. Bxf7 Kc7 37. Bxd5 b6 38. Kc1 Ng4 39. e6 Kd6
40. Bc4 Ne5 41. Bb3 Nc6 42. c3 Nd8 43. e7 Kxe7 44. Kd2 Kd6 45. Ke3 Ke5 46. Ba4
g5 47. b4 g4 48. Bd7 f4+ 49. Kf2 g3+ 50. Kg2 Kd5 51. Bb5 Nf7 52. a4 Nd6 53. Ba6
Ke4 54. Be2 Nf5 55. Ba6 f3+ 56. Kh3 g2 57. Kh2 Ng3 0-1

[Event "Schachfestival 2018"]
[Site "Bad Woerishofen"]
[Date "2018.03.01"]
[Round "7.3"]
[White "Pap, Misa"]
[Black "Schmuecker, Marcus"]
[Result "0-1"]
[WhiteElo "2502"]
[BlackElo "2211"]
[Annotator "chessorg"]
[PlyCount "100"]
[EventDate "2018.??.??"]
[WhiteTeam "SC Hansa Dortmund e.V."]
[BlackTeam "SV Hemer 1932"]

1. e4 e6 2. d4 d5 3. Nd2 c5 4. exd5 Qxd5 5. dxc5 Nf6 6. Ngf3 Qxc5 7. Bd3 Nbd7
8. O-O Qc7 9. Re1 Nc5 10. Bf1 Be7 11. c4 b6 12. b4 Ncd7 13. a3 Bb7 14. Bb2 O-O
15. Nd4 Bd6 16. N2f3 Ne5 17. Qb3 Nxf3+ 18. Nxf3 a5 19. g3 axb4 20. axb4 Qe7 21.
b5 Rxa1 22. Bxa1 Ra8 23. Nd4 Bc5 24. Bb2 Qd6 25. Rd1 Rd8 26. Be2 Qc7 27. Qc2
Ne4 28. Bf3 Nxf2 29. Qxf2 Bxf3 30. Qxf3 e5 31. Kg2 exd4 32. Bc1 Qe7 33. Bd2 Qe6
34. Qd3 Re8 35. Re1 Qc8 36. Rxe8+ Qxe8 37. Qf3 h6 38. h4 Qe6 39. Qd3 f5 40. Kf3
Kf7 41. h5 Kf6 42. Bf4 Qc8 43. Ke2 Qe8+ 44. Kf2 Qxh5 45. Kg2 Qe8 46. Kh2 Qe4
47. Qd1 d3 48. Qa1+ Qd4 49. Qh1 Qe4 50. Qa1+ Kg6 0-1

[Event "Schachfestival 2018"]
[Site "Bad Woerishofen"]
[Date "2018.03.01"]
[Round "7.4"]
[White "Lalic, Bogdan"]
[Black "Dorst, Johannes"]
[Result "1-0"]
[WhiteElo "2401"]
[BlackElo "2227"]
[Annotator "chessorg"]
[PlyCount "107"]
[EventDate "2018.??.??"]
[BlackTeam "SK Marburg 1931/72"]

1. d4 Nf6 2. c4 c5 3. d5 b5 4. cxb5 a6 5. bxa6 g6 6. Nc3 Bg7 7. e4 O-O 8. a7
Rxa7 9. Nf3 e6 10. Be2 exd5 11. exd5 d6 12. O-O Na6 13. Nd2 Nc7 14. Nc4 Bb7 15.
Bg5 h6 16. Bh4 g5 17. Bg3 Nfe8 18. f4 Bd4+ 19. Kh1 Bxc3 20. bxc3 Nxd5 21. Qc1
Nxf4 22. Bxf4 gxf4 23. Rxf4 f5 24. Bf3 Qg5 25. Bxb7 Rxb7 26. Qd2 Kh8 27. Raf1
d5 28. h4 Qg8 29. Ne3 Nf6 30. Rxf5 Ne4 31. Rxf8 Nxd2 32. Rxg8+ Kxg8 33. Rd1 Rb2
34. Nxd5 Rxa2 35. Re1 Ra4 36. g3 Kf7 37. Re7+ Kg6 38. Kg2 Rc4 39. Re6+ Kg7 40.
h5 Rg4 41. Re7+ Kf8 42. Rh7 Rg5 43. Nf4 Kg8 44. Rxh6 Ne4 45. g4 Nxc3 46. Kf3
Nb5 47. Ne6 Rd5 48. Rg6+ Kh8 49. Ng5 c4 50. h6 Nd6 51. h7 Rxg5 52. Rxg5 Kxh7
53. Rd5 Nf7 54. Kf4 1-0

[Event "Schachfestival 2018"]
[Site "Bad Woerishofen"]
[Date "2018.03.01"]
[Round "7.6"]
[White "Heller, Achim"]
[Black "Ivanov, Mikhail"]
[Result "0-1"]
[WhiteElo "2089"]
[BlackElo "2355"]
[Annotator "chessorg"]
[PlyCount "97"]
[EventDate "2018.??.??"]
[WhiteTeam "Ennepe Ruhr Sued"]
[BlackTeam "SF Bad Mergentheim"]

1. d4 Nf6 2. c4 e6 3. Nc3 Bb4 4. Qc2 b6 5. e4 c5 6. e5 cxd4 7. a3 Bxc3+ 8. bxc3
d3 9. Bxd3 Ng8 10. Nf3 Qc7 11. Bf4 Ne7 12. O-O Ng6 13. Bg3 Nc6 14. Rfe1 Ba6 15.
Nd4 Na5 16. Nb5 Bxb5 17. cxb5 Rc8 18. c4 Ne7 19. Rac1 Qc5 20. Re3 h6 21. Rf3 g6
22. Bh4 Nf5 23. Bxf5 gxf5 24. Bf6 Rg8 25. h3 Rg6 26. Rc3 d6 27. Rd1 d5 28. h4
Nxc4 29. h5 Rg4 30. Qc1 Kd7 31. Rdd3 f4 32. Kf1 Qxb5 33. Kg1 Rcg8 34. g3 fxg3
35. Rxg3 Qc5 36. Kg2 Qd4 37. Qc2 Rxg3+ 38. Rxg3 Rxg3+ 39. Kxg3 Nxe5 40. Qe2
Qd3+ 41. Qxd3 Nxd3 42. Bg7 Ke7 43. Bxh6 Kf6 44. Be3 Kf5 45. f4 Nc5 46. Bd4 Nd7
47. Kh4 Kxf4 48. h6 Nf8 49. Kh5 0-1

[Event "BW 2018 Senioren"]
[Site "Bad Woerishofen"]
[Date "2018.03.01"]
[Round "7.7"]
[White "Daeubler, Heinrich"]
[Black "Waltenberger, Udo"]
[Result "1/2-1/2"]
[WhiteElo "2182"]
[BlackElo "2038"]
[Annotator "chessorg"]
[PlyCount "62"]
[EventDate "2018.??.??"]
[WhiteTeam "SC Haselmuehl"]
[BlackTeam "SV Eiche Reichenbrand"]

1. d4 Nf6 2. c4 g6 3. Nc3 d5 4. Nf3 Bg7 5. Bg5 Ne4 6. Bh4 Nxc3 7. bxc3 c5 8. e3
Nc6 9. Be2 O-O 10. O-O cxd4 11. cxd4 Bf5 12. Qb3 dxc4 13. Qxb7 Na5 14. Qa6 Qb6
15. Bxc4 Nxc4 16. Qxc4 Rfc8 17. Qa4 Rc7 18. Rac1 Rac8 19. Rxc7 Qxc7 20. Bg3 Qb6
21. h3 Bd3 22. Re1 Bf8 23. Qb3 Bc4 24. Qxb6 axb6 25. Rc1 b5 26. Nd2 Be6 27.
Rxc8 Bxc8 28. Kf1 Be6 29. Nb3 Bc4+ 30. Ke1 e6 31. Nc5 Bxa2 1/2-1/2

[Event "Schachfestival 2018"]
[Site "Bad Woerishofen"]
[Date "2018.03.01"]
[Round "7.7"]
[White "Johnsen, Gunnar"]
[Black "Karpatchev, Alexandr"]
[Result "0-1"]
[WhiteElo "2174"]
[BlackElo "2494"]
[Annotator "chessorg"]
[PlyCount "70"]
[EventDate "2018.??.??"]
[WhiteTeam "Tromsø Sjakklubb"]
[BlackTeam "SF Bad Mergentheim"]

1. d4 d5 2. c4 dxc4 3. Nf3 Nf6 4. e3 b5 5. a4 b4 6. Bxc4 e6 7. O-O Be7 8. Qe2
Bb7 9. Nbd2 O-O 10. e4 c5 11. e5 Nfd7 12. Nb3 Nb6 13. dxc5 Nxc4 14. Qxc4 Ba6
15. Qe4 Bxf1 16. Qxa8 Bc4 17. Nbd4 Bxc5 18. Qe4 Bd5 19. Qe2 Bxd4 20. Nxd4 Bxg2
21. Kxg2 Qxd4 22. f4 Rc8 23. Be3 Qe4+ 24. Qf3 Rc2+ 25. Bf2 Qxf3+ 26. Kxf3 Nc6
27. Rd1 h6 28. Rd6 g5 29. Be3 gxf4 30. Bxf4 Kg7 31. Bg3 Kg6 32. Ke4 b3 33. Be1
Rxb2 34. Bd2 Ra2 35. Rd3 Rxa4+ 0-1

[Event "Schachfestival 2018"]
[Site "Bad Woerishofen"]
[Date "2018.03.01"]
[Round "7.8"]
[White "Friedrich, Norbert"]
[Black "Tennstedt, Andreas"]
[Result "1/2-1/2"]
[WhiteElo "2277"]
[BlackElo "2109"]
[Annotator "chessorg"]
[PlyCount "54"]
[EventDate "2018.??.??"]
[BlackTeam "SG Roedermark/Eppertshausen"]

1. e4 c5 2. Nf3 g6 3. c4 Bg7 4. d4 Nc6 5. dxc5 Qa5+ 6. Nfd2 Qxc5 7. Nb3 Qb6 8.
Be2 d6 9. O-O Nf6 10. Nc3 O-O 11. Be3 Qd8 12. Rc1 Bd7 13. h3 a5 14. a4 Nb4 15.
f4 Bc6 16. Bf3 Nd7 17. Rf2 Nb6 18. Nb5 Nxa4 19. N5d4 Qc7 20. Rd2 Rfd8 21. c5
Nxc5 22. Nxc5 dxc5 23. Rxc5 Bf8 24. Nxc6 Nxc6 25. Rcd5 Rxd5 26. Rxd5 Rd8 27. e5
e6 1/2-1/2

[Event "Schachfestival 2018"]
[Site "Bad Woerishofen"]
[Date "2018.03.01"]
[Round "7.10"]
[White "Schaefer, Michael"]
[Black "Arndt, Stefan"]
[Result "1/2-1/2"]
[WhiteElo "2157"]
[BlackElo "2194"]
[Annotator "chessorg"]
[PlyCount "25"]
[EventDate "2018.??.??"]
[WhiteTeam "FB80 Moerlenbach-Birkenau"]
[BlackTeam "SG Ennepe-Ruhr-Sued"]

1. d4 Nf6 2. Nf3 g6 3. c4 Bg7 4. Nc3 O-O 5. Bg5 c5 6. e3 cxd4 7. exd4 d5 8.
Bxf6 Bxf6 9. cxd5 e6 10. Be2 exd5 11. O-O Nc6 12. h3 Be6 13. Bb5 1/2-1/2

[Event "BW 2018 Senioren"]
[Site "Bad Woerishofen"]
[Date "2018.03.01"]
[Round "7.11"]
[White "Gerl, Hans"]
[Black "Hohler, Peter"]
[Result "1/2-1/2"]
[WhiteElo "2012"]
[BlackElo "2105"]
[Annotator "chessorg"]
[PlyCount "39"]
[EventDate "2018.??.??"]
[WhiteTeam "SK Zirndorf e.V."]
[BlackTeam "Olten"]

1. d4 Nf6 2. c4 e6 3. Nf3 b6 4. a3 Bb7 5. Nc3 d5 6. cxd5 exd5 7. Bg5 Be7 8. e3
O-O 9. Bd3 Nbd7 10. O-O Ne4 11. Bxe7 Qxe7 12. Qc2 h6 13. b4 Rfc8 14. Qb2 Rab8
15. b5 c5 16. bxc6 Bxc6 17. Rfc1 Nxc3 18. Rxc3 Bb7 19. Rac1 Qd8 20. h3 1/2-1/2

[Event "Schachfestival 2018"]
[Site "Bad Woerishofen"]
[Date "2018.03.01"]
[Round "7.11"]
[White "Fischer, Daniel"]
[Black "Kraemer, Max"]
[Result "1-0"]
[WhiteElo "2164"]
[BlackElo "2012"]
[Annotator "chessorg"]
[PlyCount "73"]
[EventDate "2018.??.??"]
[WhiteTeam "SC Dreilaendereck"]
[BlackTeam "SK Caissa Augsburg"]

1. e4 e5 2. Nf3 Nc6 3. Bc4 Nf6 4. d3 Bc5 5. O-O d6 6. c3 a6 7. Re1 Ba7 8. Bb3
Ne7 9. Nbd2 O-O 10. h3 Ng6 11. Nf1 h6 12. Ng3 Re8 13. d4 exd4 14. cxd4 c5 15.
Be3 b5 16. Bc2 Bb7 17. d5 Nd7 18. b3 Nh4 19. Nxh4 Qxh4 20. Nf5 Qf6 21. Qg4 Ne5
22. Qg3 Kh8 23. f4 Ng6 24. Qf2 Bc8 25. Ng3 Qh4 26. Qf3 Bd7 27. Rad1 c4 28. Bxa7
Rxa7 29. Rf1 Rc7 30. e5 dxe5 {Diagramm [#]} 31. Bxg6 exf4 (31... fxg6 32. fxe5
Rxe5 33. Qf8+ Kh7 34. Rf7) 32. Nf5 Qf6 33. Bxf7 Rf8 34. Qxf4 Qb6+ 35. Qd4 Qxd4+
36. Nxd4 Bxh3 37. Ne6 1-0

[Event "BW 2018 Senioren"]
[Site "Bad Woerishofen"]
[Date "2018.03.01"]
[Round "7.12"]
[White "Lainburg, Viktor"]
[Black "Bhend, Edwin"]
[Result "0-1"]
[WhiteElo "1960"]
[BlackElo "2097"]
[Annotator "chessorg"]
[PlyCount "86"]
[EventDate "2018.??.??"]
[WhiteTeam "SC Weiße Dame Ulm e.V."]

1. d4 d5 2. Nf3 Nc6 3. g3 Bf5 4. Nh4 Be4 5. f3 Bg6 6. Nxg6 hxg6 7. Bg2 e6 8.
Be3 Nge7 9. Bf2 e5 10. c3 exd4 11. cxd4 Nf5 12. Nc3 Bb4 13. O-O O-O 14. Qb3
Bxc3 15. bxc3 Na5 16. Qb5 c6 17. Qd3 Nc4 18. e4 Ne7 19. f4 Qd7 20. exd5 cxd5
21. Rfe1 Nb6 22. Re2 Nf5 23. Rae1 Rfe8 24. g4 Nd6 25. Rxe8+ Rxe8 26. Rxe8+ Qxe8
27. f5 gxf5 28. gxf5 Ne4 29. Bg3 f6 30. Bc7 Nc4 31. Bxe4 Qxe4 32. Qxe4 dxe4 33.
Kf2 Kf7 34. Kg3 Ne3 35. Kf4 Nd5+ 36. Kxe4 Nxc7 37. d5 Ke7 38. c4 Kd6 39. Kf4
Ne8 40. Kg4 Kc5 41. Kh5 Kxc4 42. Kg6 Kxd5 43. Kf7 Ke5 0-1

[Event "BW 2018 Senioren"]
[Site "Bad Woerishofen"]
[Date "2018.03.01"]
[Round "7.13"]
[White "Johnsen, Oeystein"]
[Black "Lange, Manfred"]
[Result "1-0"]
[WhiteElo "1991"]
[BlackElo "2061"]
[Annotator "chessorg"]
[PlyCount "83"]
[EventDate "2018.??.??"]
[WhiteTeam "Toensberg"]
[BlackTeam "SV Wuerzburg 1865"]

1. d4 Nf6 2. Bf4 e6 3. e3 b6 4. Nd2 Bb7 5. h3 Be7 6. Ngf3 O-O 7. Bd3 d5 8. O-O
Nbd7 9. Ne5 Nxe5 10. dxe5 Ne4 11. c3 Bg5 12. Bh2 c5 13. Nf3 Be7 14. Qe2 Qc7 15.
Rad1 Rad8 16. Nd2 Qc8 17. f3 Nxd2 18. Rxd2 Rd7 19. f4 g6 20. f5 Bg5 21. f6 d4
22. Bf4 dxc3 23. bxc3 c4 24. Bc2 Rxd2 25. Qxd2 Rd8 26. Qf2 Bxf4 27. exf4 Qc6
28. Rd1 Rxd1+ 29. Bxd1 Qd7 30. Bf3 h5 31. Bxh5 Qd3 32. Bf3 Bxf3 33. Qxf3 Qxf3
34. gxf3 Kh7 35. Kf2 Kh6 36. Ke3 Kh5 37. Kd4 Kh4 38. Kxc4 Kg3 39. Kb5 Kxf3 40.
Kc6 Kxf4 41. Kd6 g5 42. Ke7 1-0